Statistics for Arabic Quiz 1 (Multiple Choices)

Click here to take the quiz!

General Stats

  • This quiz has been taken 76 times
  • The average score is 21 of 25

Answer Stats

QuestionAnswer% Correct
How do you say "Dog" in Arabic?Kalb/kalba
99%
How do you say "And" in Arabic?Wa
94%
How do you say "Me/I/I am" in Arabic?Ana
93%
How do you say "Door" in Arabic?Baab
93%
How do you say "No" in Arabic?La
90%
How do you say "Eye" in Arabic?3ayn
89%
How do you say "Strawberry" in Arabic?Farawila
87%
How do you say "Teacher/Professor" in Arabic?Ustadh
87%
How do you say "Word" in Arabic?Kalima
86%
How do you say "Water" in Arabic?Maa2
86%
How do you say "Sun" in Arabic?Shams
86%
How do you say "Snow" in Arabic?Thalj
86%
How do you say "Sleep" in Arabic?Nawm
85%
How do you say "Window" in Arabic?Nafedha
83%
How do you say "Pen/Pencil" in Arabic?Qalam
83%
How do you say "Mountain" in Arabic?Jabal
82%
How do you say "Tree" in Arabic?Shajarah
82%
How do you say "Right" in Arabic?Yameen
80%
How do you say "Rain" in Arabic?Matar
77%
How do you say "Honey" in Arabic?3asal
76%
How do you say "Moon" in Arabic?Qamar
76%
How do you say "Math" in Arabic?Riyadiat
72%
How do you say "Waterfall" in Arabic?Shallal
72%
How do you say "Left" in Arabic?Yasar
72%
How do you say "Building" in Arabic?Mabna
68%

Score Distribution

Percentile by Number Answered

Percent of People with Each Score

Your Score History

You have not taken this quiz